000 00891cam a2200241 a 4500
005 20180312142010.0
008 140425s1995 xxua gr 000 j eng
020 _a0590483765
040 _aCO-BoUCM
_cJose A. Gerena
_dJose A. Gerena
_bspa
041 _aeng
100 1 _aMaccarone, Grace
_950487
245 1 0 _aMy tooth is about to fall out
_cGrace Maccarone ; ilustraciones Betsy Lewin
260 _aNueva York (Estados Unidos)
_bScholastic
_c1995
300 _a[32] páginas
_bilustraciones a color
490 _aHello reader!
_vLevel 1
650 7 _aDientes
_913246
_vLibros de lectura
650 7 _aLibros y lectura para niños
_918524
650 7 _aLiteratura infantil estadounidense
_918685
690 _942862
_aLiteratura estadounidense
700 1 _aLewin, Betsy
_eilustrador
_960221
942 _a18
_cLIBRO
_e1
_mM123t
_2DEWEY
_h818.54
_n0
999 _c242076
_d242076